| 000 | 01230nam a2200325 i 4500 | ||
|---|---|---|---|
| 001 | 768714001 | ||
| 003 | CO-MdFUSB | ||
| 005 | 20241015164005.0 | ||
| 007 | ta | ||
| 008 | 180420t2000 sp |||| |||| 00| 0 spa d | ||
| 020 | _a84-8267-108-1 | ||
| 040 |
_aCO-MdFUSB _bspa _cCO-MdFUSB _dCO-MdFUSBC _erda |
||
| 041 | 0 | _aspa | |
| 082 | 0 | 4 |
_a227.94 _223 _bB5731c |
| 100 | 1 |
_aBeyer, Hartmut (1948-) _eautor |
|
| 245 | 1 | 4 |
_aLas cartas de Juan _b: notas exegéticas _c/ Hartmut Beyer |
| 264 | 1 |
_aBarcelona : _b CLIE, _c[2000] |
|
| 264 | 4 | _c©2000 | |
| 300 |
_a411 páginas _c; 24 cm |
||
| 336 |
_2rdacontent _atexto _btxt |
||
| 337 |
_2rdamedia _asin mediación _bn |
||
| 338 |
_2rdacarrier _avolumen _bnc |
||
| 490 | _aHermenéutica y Exégesis, | ||
| 505 | _aIntroducción a la primera epístola de Juan. -- Interpretación de la primera epístola de Juan. -- Introducción a la segunda epístola de Juan. -- Interpretación de la segunda epístola de Juan. -- Introducción a la tercera epístola de Juan. -- Interpretación de la tercera epístola de Juan. | ||
| 563 | _aPasta dura | ||
| 630 | 0 | 7 |
_aBiblia. _pNuevo Testamento _xCrítica, interpretación, etc. |
| 653 | _aEpístolas Juaninas | ||
| 942 | _cBK | ||
| 945 | _aJTF-925 | ||
| 999 |
_c33716 _d33716 |
||